000
00234nam a22000857a 4500
008
170111b xxu||||| |||| 00| 0 eng d
100
_9
2311
_a
David. R
245
_a
Frank Environmental Education-10
260
_a
New Delhi
_b
Frank Brothers
_c
2005
999
_c
5230
_d
5230